Central Library OPAC University of Rajshahi

Practical problems in business statistics / (Record no. 51592)

MARC details
000 -LEADER
fixed length control field 00740nam a2200229 a 4500
001 - CONTROL NUMBER
control field 51592
003 - CONTROL NUMBER IDENTIFIER
rucl marc code BD-RjUL
005 - DATE AND TIME OF LATEST TRANSACTION
control field 20211209075702.0
008 - FIXED-LENGTH DATA ELEMENTS--GENERAL INFORMATION
fixed length control field 160831m19601663us ||||| |||| 00| 0 eng d
035 ## - SYSTEM CONTROL NUMBER
System control number (BD-RjUL)51712
040 ## - CATALOGING SOURCE
Original cataloging agency BD-RjUL
Language of cataloging eng
Transcribing agency BD-RjUL
Modifying agency BD-RjUL
041 ## - LANGUAGE CODE
Language code of text/sound track or separate title eng
082 ## - DEWEY DECIMAL CLASSIFICATION NUMBER
Edition number 23
Classification number 519
Author mark and year COP 1963
100 ## - MAIN ENTRY--PERSONAL NAME
Personal name Cowden, Dudley J
9 (RLIN) 154213
245 ## - TITLE STATEMENT
Title Practical problems in business statistics /
Statement of responsibility, etc. Dudley J Cowden; Cowden, Mercedes S.,
260 ## - PUBLICATION, DISTRIBUTION, ETC. (IMPRINT)
Place of publication, distribution, etc. Englewood Cliffs, N.J. :
Name of publisher, distributor, etc. Prentice-Hall,
Date of publication, distribution, etc. c1960, [reprinted 1963]
300 ## - PHYSICAL DESCRIPTION
Pagination iv, 96 p. :
Illustrations ill. ;
Size 28 cm
650 ## - SUBJECT ADDED ENTRY--TOPICAL TERM
Topical term or geographic name as entry element Commercial statistics.
9 (RLIN) 154214
Topical term or geographic name as entry element Statistics.
9 (RLIN) 154215
700 ## - ADDED ENTRY--PERSONAL NAME
Personal name Cowden, Mercedes S., joint author
942 ## - ADDED ENTRY ELEMENTS (KOHA)
Source of classification or shelving scheme Dewey Decimal Classification
Koha item type Books
Holdings
Lost status Source of classification or shelving scheme Damaged status Not for loan Collection code Permanent Location Current Location Shelving location Date acquired Source of acquisition Cost, normal purchase price Total Checkouts Full call number Date last seen Copy number Koha item type
  Dewey Decimal Classification     Non-fiction Central Library, University of Rajshahi Central Library, University of Rajshahi   15/06/1964 Zeitlinger 96.00   519 COP 1963 31/08/2016 C-2 Books